SHoP architects : out of practice (Record no. 7977)

000 -LEADER
fixed length control field 00366nam a22001457a 4500
003 - CONTROL NUMBER IDENTIFIER
control field OSt
005 - DATE AND TIME OF LATEST TRANSACTION
control field 20200612124308.0
008 - FIXED-LENGTH DATA ELEMENTS--GENERAL INFORMATION
fixed length control field 200612b ||||| |||| 00| 0 eng d
020 ## - INTERNATIONAL STANDARD BOOK NUMBER
International Standard Book Number 9780500342664
082 ## - DEWEY DECIMAL CLASSIFICATION NUMBER
Classification number 720.922
Item number SHO
100 ## - MAIN ENTRY--PERSONAL NAME
Personal name Shop (Firm)
245 ## - TITLE STATEMENT
Title SHoP architects : out of practice
260 ## - PUBLICATION, DISTRIBUTION, ETC. (IMPRINT)
Place of publication, distribution, etc London
Name of publisher, distributor, etc Thames & Hudson
Date of publication, distribution, etc March 1, 2012
942 ## - ADDED ENTRY ELEMENTS (KOHA)
Source of classification or shelving scheme
Holdings
Withdrawn status Lost status Source of classification or shelving scheme Damaged status Koha normalized classification for sorting Not for loan Permanent location Current location Date acquired Full call number Barcode Date last seen Price effective from Koha item type
        720_922000000000000_SHO   BMS College of Architecture, Design and Planning BMS College of Architecture, Design and Planning 2020-06-12 720.922 SHO AR-UG1681 2020-06-12 2020-06-12 UG Books
Copyright © 2025, The Librarian, Library and Information Centre, BMSCA D&P, Bengaluru. All Rights Reserved
web counter

Powered by Koha